|
|
|
|
| LEADER |
00844cam a2200241 7i4500 |
| 001 |
0000033869 |
| 005 |
20161227090000.0 |
| 007 |
##ta |
| 008 |
161227s2015 enka b 000 0 eng |
| 020 |
# |
# |
|a 9781292076690
|
| 040 |
# |
# |
|a MATR
|
| 090 |
0 |
0 |
|a B 658.452
|b ATK
|
| 100 |
1 |
# |
|a Atkin, Kate
|e author
|
| 245 |
1 |
4 |
|a The Presentation Workout :
|b The 10 tried-and-tedted steps that will build your presenting skills
|c Kate Atkin.
|
| 264 |
# |
1 |
|a Harlow, England:
|b Pearson Education,
|c 2015.
|
| 300 |
# |
# |
|a xxi, 198 pages:
|b illustrations;
|c 22 cm.
|
| 336 |
# |
# |
|a text
|2 rdacontent
|
| 337 |
# |
# |
|a unmediated
|2 rdamedia
|
| 338 |
# |
# |
|a volume
|2 rdacarrier
|
| 504 |
# |
# |
|a Includes bibliographical references (pages 194-1954)
|
| 650 |
# |
0 |
|a Communication in management
|
| 650 |
# |
0 |
|a Business presentations
|
| 999 |
|
|
|a B000038188
|b Book
|c Book
|e Business Information Centre
|